The merchant of Venice (Record no. 51000)

MARC details
000 -LEADER
fixed length control field 00553nam a2200157 a 4500
008 - FIXED-LENGTH DATA ELEMENTS--GENERAL INFORMATION
fixed length control field 120416s1969 ||||||||||||||||| || u
020 ## - INTERNATIONAL STANDARD BOOK NUMBER
International Standard Book Number 0216882095
050 ## - LIBRARY OF CONGRESS CALL NUMBER
Classification number PR 2825. A2
100 ## - MAIN ENTRY--PERSONAL NAME
Personal name Shakespeare, William
245 14 - TITLE STATEMENT
Title The merchant of Venice
Statement of responsibility, etc. edited by E.C. Peltet
260 ## - PUBLICATION, DISTRIBUTION, ETC.
Place of publication, distribution, etc. London
Name of publisher, distributor, etc. Blackie
Date of publication, distribution, etc. 1969
300 ## - PHYSICAL DESCRIPTION
Extent x, 77 pages
350 ## - PRICE (NR) (BK AM CF MU VM SE) [OBSOLETE]
Price 0.00
700 ## - ADDED ENTRY--PERSONAL NAME
Personal name Peltet, E. C
995 ## - RECOMMENDATION 995 [LOCAL, UNIMARC FRANCE]
-- 0.00
-- CBU-MAIN LIBRARY (Kitwe)
-- 1
-- 1.75
-- 1
-- AVAILABLE
-- Jul 10, 2006
-- Annex Low-Usage Collection
Holdings
Withdrawn status Lost status Source of classification or shelving scheme Damaged status Not for loan Home library Current library Shelving location Date acquired Total Checkouts Full call number Barcode Date last seen Price effective from Koha item type
          CBU-MAIN LIBRARY, KITWE. CBU-MAIN LIBRARY, KITWE.   11/30/2022   PR 2825. A2 011284 11/30/2022 11/30/2022 MONOGRAPH